[Event "33rd ECCC Open 2017"]
[Site "Antalya"]
[Date "2017.10.12"]
[Round "5"]
[White "Khismatullin, Denis"]
[Black "Mirzoev, Azer"]
[Result "1/2-1/2"]
[WhiteElo "2628"]
[BlackElo "2555"]
[Annotator "TA"]
[PlyCount "69"]
[EventType "team-tourn"]
[EventCountry "TUR"]
[SourceTitle "playchess.com"]
[Source "ChessBase"]
[SourceQuality "1"]
[WhiteTeam "Globus"]
[BlackTeam "Odlar Yurdu"]

{[%evp 20,69,38,29,26,11,27,18,12,8,8,13,12,9,4,0,0,0,15,15,9,6,22,11,18,0,0,0,0,0,0,0,0,0,0,0,0,0,0,0,0,0,0,-26,-13,-17,-14,-14,0,-16,0,-25]} 1. c4 e6 2. d4 d5 3. Nc3 Be7 4. Nf3 Nf6 5. Bg5 h6 6. Bh4 O-O 7. e3 Nbd7 8. Rc1 dxc4 9. Bxc4 c5 10. O-O a6 11. a4 {[%cal Ba2a4,Ba4a5][%mdl 32]} cxd4 {D63: Queen's Gambit Declined: Classical: 7 Rc1} 12. Qxd4 (12. exd4 Nb6 13. Bb3 Bd7 14. a5 Nc8 15. Ne5 Bc6 16. Qe2 Nd6 17. Nxc6 bxc6 18. Na4 Nf5 19. Bxf6 Bxf6 20. Nb6 Nxd4 {½-½ (78) Banikas,H (2646)-Mastrovasilis,A (2513) Porto Rio 2014}) 12... Nb6 {[#] Hoping for ...Qxd4.} 13. Bb3 Qxd4 14. Nxd4 Bd7 $146 ({Predecessor:} 14... Rd8 15. Bg3 Nbd5 16. Nxd5 {1-0 (17) Vujadinovic,M (1978)-Baars,J (1608) IECG email 2006}) 15. a5 Nc8 16. Ba4 {[#] Black must now prevent Bxf6.} Rd8 17. Bg3 Bd6 18. Bxd7 Rxd7 19. Na4 Bxg3 20. hxg3 Rb8 21. Rc2 Nd5 22. Nc5 Rc7 23. Rfc1 Nd6 24. Nd3 Rbc8 25. Rxc7 Rxc7 26. Rxc7 Nxc7 $11 {[%mdl 4096] Endgame KNN-KNN} 27. Nc5 e5 28. Nf3 f6 29. Nd2 Kf7 30. Kf1 Ne6 31. Ndb3 Nd8 32. Nd2 {The position is equal.} Nc6 33. Ndb3 $1 Nd8 34. Nd2 Nc6 35. Ndb3 $1 {Precision: White = 78%, Black = 78%.} 1/2-1/2

[Event "33rd ECCC Open 2017"]
[Site "Antalya"]
[Date "2017.10.12"]
[Round "5"]
[White "Lupulescu, Constantin"]
[Black "Podlesnik, Bogdan"]
[Result "1-0"]
[WhiteElo "2620"]
[BlackElo "2372"]
[Annotator "TA"]
[PlyCount "119"]
[EventType "team-tourn"]
[EventCountry "TUR"]
[SourceTitle "playchess.com"]
[Source "ChessBase"]
[SourceQuality "1"]
[WhiteTeam "Baia Mare"]
[BlackTeam "Asseco See"]

{[%evp 11,119,28,45,47,47,47,49,52,95,105,96,66,104,114,108,0,0,0,0,-2,53,59,47,68,60,27,22,32,23,20,69,81,39,0,12,0,0,0,0,-20,0,0,0,0,0,-18,-24,-12,-11,-20,-23,-69,-70,-58,0,-16,-20,-99,-92,-82,-81,-94,-31,-35,0,0,0,0,0,0,1,2,49,0,49,49,49,49,73,71,883,827,864,618,667,639,776,961,858,753,720,637,2447,2449,2196,2039,5625,5624,5464,1872,29977,29976,29982,29983,29987,29988,29990,29991,29992,29990]} 1. d4 Nf6 2. c4 e6 3. Nf3 b6 4. Bf4 Bb7 5. e3 Nc6 (5... Be7 6. h3 d5 7. Nc3 O-O 8. Be2 dxc4 9. Bxc4 a6 10. a4 c5 11. O-O cxd4 12. Nxd4 Nbd7 13. Nf3 Ra7 14. Qe2 Qa8 15. Rfd1 Rc8 {1-0 (59) Bachmann,A (2646)-Mareco,S (2655) Buenos Aires 2017}) 6. a3 {E12: Queen's Indian: Unusual White 4th moves, 4 a3, 4 Nc3 Bb7 5 a3 and 4 Nc3 Bb7} Ne7 {LiveBook: 3 Games} 7. Nc3 Ng6 8. Bg3 {White is slightly better.} Nh5 $146 ({Predecessor:} 8... Ne4 9. Nxe4 Bxe4 10. Bd3 Bxd3 11. Qxd3 Be7 12. Ne5 Bf6 13. O-O {½-½ (34) Meduna,E (2392)-Maiorov,N (2487) Pardubice 2007}) 9. Qc2 c5 10. d5 exd5 11. cxd5 Be7 12. d6 Bf6 {[#]} 13. O-O-O (13. Nb5 $1 $16) 13... Bxc3 $1 $11 14. Qxc3 O-O 15. Ne5 Nxg3 (15... Qg5 $11 16. f4 (16. Nxd7 Rfe8 $11) 16... Qd8) 16. hxg3 $14 Nxe5 17. Qxe5 Re8 {[%cal Bf8e8,Be8e6,Be6f6][%mdl 32]} 18. Qc3 Qg5 19. Rh4 Qe5 20. Qb3 Re6 21. Bc4 Rf6 22. Rf4 (22. f4 {looks sharper.} Qe8 23. Rh5 Bc6 24. Rd2 Rb8 25. Re5) 22... Rf8 23. Bd5 Bxd5 24. Rxd5 Qe6 25. Qc4 {[#] And now Re4 would win.} Re8 26. Rxf6 Qxf6 $11 {[%mdl 4096] Endgame KQR-KQR} 27. Rd2 Qd8 (27... Qe6 {keeps more tension.} 28. Qa6 g6 29. Qxa7 Qc4+ 30. Kb1 Qf1+) 28. Qd5 Qa8 29. Qxa8 Rxa8 {KR-KR} 30. Kc2 f6 31. Kc3 Re8 32. Rd3 b5 (32... a6 $15) 33. a4 a6 {[%cal Ba7a6,Ba6b5][%mdl 32]} 34. b3 (34. axb5 $11 axb5 35. b4) 34... Kf7 $17 35. axb5 axb5 36. g4 Ke6 ({Black should play} 36... Re5 $17 37. f3 Ke6) 37. e4 $15 Rc8 38. Rd5 g5 39. g3 c4 40. b4 Rb8 41. f4 {[%cal Bf2f4,Bf4f5][%mdl 32]} h6 42. f5+ Kf7 43. e5 fxe5 44. Rxe5 Kf6 45. Re7 h5 $2 {[%mdl 8192]} (45... Ra8 $16) 46. gxh5 $18 Kxf5 47. Rxd7 Ke6 48. Rg7 Kxd6 49. Rxg5 Ke6 50. g4 {[%cal Bg3g4,Bg4g5][%mdl 32]} Kf6 51. Rf5+ Kg7 52. g5 Rb7 53. Rc5 Kh7 54. Kd4 Kg7 55. Ke4 (55. Ke5 $142 Rf7 56. Rxb5) 55... Kh7 56. Kf5 {White mates.} Re7 57. h6 Rb7 58. Kg4 Rb8 59. Kh5 Kg8 60. g6 {Precision: White = 64%, Black = 46%.} 1-0

[Event "33rd ECCC Open 2017"]
[Site "Antalya"]
[Date "2017.10.12"]
[Round "5"]
[White "Stevic, Hrvoje"]
[Black "Mamedov, Nidjat"]
[Result "1/2-1/2"]
[WhiteElo "2616"]
[BlackElo "2596"]
[Annotator "TA"]
[PlyCount "65"]
[EventType "team-tourn"]
[EventCountry "TUR"]
[SourceTitle "playchess.com"]
[Source "ChessBase"]
[SourceQuality "1"]
[WhiteTeam "Nice Alekhine"]
[BlackTeam "Genc"]

{[%evp 22,65,35,37,49,40,40,37,61,34,30,19,19,24,33,33,33,30,36,35,56,50,57,47,57,51,57,26,27,19,39,31,36,40,36,10,35,20,13,26,39,27,37,27,29,33]} 1. e4 e5 2. Nf3 Nf6 3. Nxe5 d6 4. Nf3 Nxe4 5. d4 d5 6. Bd3 Nc6 7. O-O Be7 8. Nbd2 Bf5 9. Re1 Nxd2 10. Qxd2 Bxd3 11. Qxd3 O-O 12. c3 a6 {C42: Petroff Defence: 3 Nxe5 and unusual White 3rd moves} (12... Qd7 13. Bf4 a6 14. Re2 Rae8 15. Rae1 Bd8 16. Nd2 Rxe2 17. Qxe2 a5 18. Nb3 b6 19. Nc1 f6 20. a4 Ne7 21. Nd3 g5 {1-0 (83) So,W (2810)-Fedoseev,V (2731) Tbilisi 2017}) 13. Bf4 Bd6 14. Ng5 $146 {[%csl Gg5][%cal Rd3h7] [#]} ({Predecessor:} 14. Bxd6) 14... g6 {White is slightly better.} 15. Qh3 {[%csl Gg5][%cal Rh3h7]} h5 16. Qg3 Bxf4 $1 17. Qxf4 Qd7 18. Re3 Rae8 19. Rae1 Rxe3 20. Qxe3 Qf5 21. h4 Qg4 22. g3 Qf5 23. Kg2 Kg7 24. Qd2 Qf6 25. Qd1 {Strongly threatening Qb3.} Qd6 26. Qe2 Rd8 {[%cal Bf8d8,Bd8d7,Bd7e7][%mdl 32]} 27. Qf3 Qf6 28. Qd1 Qd6 29. Qb3 Na5 30. Qc2 Nc6 31. Nh3 Rd7 32. Nf4 Re7 33. Re2 {Precision: White = 53%, Black = 83%.} 1/2-1/2

[Event "33rd ECCC Open 2017"]
[Site "Antalya"]
[Date "2017.10.12"]
[Round "5"]
[White "Popov, Ivan"]
[Black "Bartel, Mateusz"]
[Result "1/2-1/2"]
[WhiteElo "2609"]
[BlackElo "2613"]
[Annotator "TA"]
[PlyCount "60"]
[EventType "team-tourn"]
[EventCountry "TUR"]
[SourceTitle "playchess.com"]
[Source "ChessBase"]
[SourceQuality "1"]
[WhiteTeam "Legacy Square Capital"]
[BlackTeam "Novy Bor"]

{[%evp 19,60,23,19,29,33,35,33,22,29,31,22,8,12,-10,-10,-10,-14,-16,-16,-38,0,0,0,-3,0,0,0,0,0,0,0,0,0,0,0,0,0,0,0,0,2,4,4]} 1. e4 e6 2. d4 d5 3. Nd2 c5 4. exd5 Qxd5 5. Ngf3 cxd4 6. Bc4 Qd7 {C07: French Tarrasch: 3...c5, 4 Ngf3 and 4 exd5 Qxd5} (6... Qd6 7. O-O Nf6 8. Nb3 Nc6 9. Nbxd4 Nxd4 10. Nxd4 a6 11. Re1 Qc7 12. Bf1 Bd6 13. Nf5 Bxh2+ 14. Kh1 Kf8 15. Qd4 exf5 16. Qxf6 h6 17. Qd4 Bd6 18. Bd2 Be6 19. Bc3 Rh7 {0-1 (48) Karjakin,S (2781)-Caruana,F (2808) Paris 2017}) 7. O-O Nc6 8. Nb3 a6 9. Nbxd4 Nxd4 10. Qxd4 Qxd4 {LiveBook: 27 Games} 11. Nxd4 b5 12. Be2 Bb7 13. Rd1 Nf6 $146 ({Predecessor:} 13... Bc5 14. Be3 Rc8 15. c3 Nf6 16. Nc2 Bxe3 17. Nxe3 {1-0 (69) Radojkovic,S (1918)-Tosic,S (2334) Paracin 2017}) 14. c3 Be7 15. Bg5 h6 16. Bxf6 (16. Bd2 {looks sharper.} O-O 17. a4 bxa4 18. Rxa4 Rfd8 19. Bf4) 16... Bxf6 17. a4 bxa4 18. Rxa4 O-O 19. Bf3 Rfb8 {...Bxf3 is the strong threat.} 20. Nc6 {The position is equal.} Bxc6 21. Bxc6 Rd8 22. Rxd8+ Rxd8 $11 {[%cal Rd8d1][%mdl 4096] [#] Endgame KRB-KRB} 23. Kf1 Rb8 24. Ra2 a5 25. Ke2 Bd8 26. Kd3 Kf8 27. Kc4 Ke7 28. b4 axb4 29. cxb4 Bb6 30. Rd2 Rd8 {Precision: White = 76%, Black = 92%.} 1/2-1/2

[Event "33rd ECCC Open 2017"]
[Site "Antalya"]
[Date "2017.10.13"]
[Round "5"]
[White "Vocaturo, Daniele"]
[Black "Ding, Liren"]
[Result "0-1"]
[WhiteElo "2607"]
[BlackElo "2772"]
[Annotator "TA"]
[PlyCount "60"]
[EventType "team-tourn"]
[EventCountry "TUR"]
[SourceTitle "playchess.com"]
[Source "ChessBase"]
[SourceQuality "1"]
[WhiteTeam "Padova"]
[BlackTeam "Alkaloid"]

{[%evp 25,60,-50,-60,-41,-26,-45,-49,-138,-131,-123,-137,-703,-667,-720,-735,-723,-707,-782,-769,-747,-710,-1031,-1031,-984,-557,-602,-602,-961,-589,-564,-585,-1198,-447,-518,-420,-404,-405]} 1. d4 Nf6 2. c4 e6 3. Nf3 d5 4. Nc3 c6 5. Bg5 h6 6. Bh4 dxc4 7. e4 g5 8. Bg3 b5 9. Ne5 {D43: Semi-Slav: 5 Bg5 h6} (9. Be2 Bb7 10. Qc2 Nbd7 11. Nd2 Qb6 12. Rd1 Be7 13. O-O h5 14. h3 h4 15. Bh2 g4 16. hxg4 h3 17. Bg3 O-O-O {0-1 (55) Adhiban,B (2677)-Van Wely,L (2646) Linares 2017}) 9... Nbd7 10. Be2 Bb7 11. h4 g4 12. O-O Rg8 13. Nxd7 Qxd7 {LiveBook: 5 Games} 14. Be5 Qe7 15. Qc2 Nh5 16. d5 (16. a4 $1 $15 a6 17. axb5 cxb5 18. b3) 16... Qxh4 $17 ({Don't play} 16... exd5 17. exd5 Qxe5 18. Rae1 $15) 17. dxe6 $146 ({Predecessor:} 17. Nxb5 cxb5 18. Bxc4 a6 19. dxe6 fxe6 20. Bxe6 {0-1 (31) Nguyen,D (2258)-Khairul,A Kuala Lumpur 2006}) 17... fxe6 $40 {[%mdl 128] Black has strong attack.} 18. Nxb5 $2 {[%mdl 8192]} (18. Rad1 $17) 18... cxb5 $19 19. Bxc4 bxc4 20. Qxc4 Qe7 21. Rfd1 Rc8 22. Qb3 g3 {[%cal Bg4g3,Bg3f2][%mdl 32]} 23. Rd6 gxf2+ 24. Kf1 Ng3+ 25. Bxg3 {[#]} Rxg3 $1 26. Qb5+ (26. Qxg3 Qxd6) 26... Bc6 27. Rxc6 Rxc6 28. Rc1 {[#]} Qd7 (28... Qh4 $142 $1 {( -> ...Qh1+)} 29. Qxc6+ Kf7 30. Qd7+ Be7 31. Qxa7 Rg6) 29. Rxc6 {And now Qb8+ would win.} Qd3+ 30. Qxd3 Rxd3 0-1

[Event "33rd ECCC Open 2017"]
[Site "Antalya"]
[Date "2017.10.12"]
[Round "5"]
[White "Roiz, Michael"]
[Black "Paltrinieri, Nicholas"]
[Result "1-0"]
[WhiteElo "2604"]
[BlackElo "2295"]
[Annotator "TA"]
[PlyCount "101"]
[EventType "team-tourn"]
[EventCountry "TUR"]
[SourceTitle "playchess.com"]
[Source "ChessBase"]
[SourceQuality "1"]
[WhiteTeam "Beer Sheva"]
[BlackTeam "Augusta Perusia"]

{[%evp 14,101,59,54,73,49,61,63,70,75,81,81,81,81,81,81,81,81,87,76,84,83,79,91,111,90,90,90,90,90,90,90,90,90,90,87,178,181,166,183,189,154,139,139,158,140,234,234,234,234,212,212,234,234,225,225,212,212,231,213,310,276,266,212,587,570,560,560,560,535,533,495,522,504,29973,6199,29971,29975,29973,29976,29976,29977,29977,29978,29978,1096,29979,29980,29983,12245]} 1. Nf3 e6 2. g3 f5 3. Bg2 Nf6 4. O-O Be7 5. b3 O-O 6. Bb2 d6 7. d4 Ne4 {A81: Holländische Verteidigung (Leningrader Variante)} 8. Nbd2 {LiveBook: 7 Partien} Bf6 9. Ne1 Nxd2 {Weiß steht etwas besser.} 10. Qxd2 Nc6 11. c4 e5 {[%cal Rc6d4]} 12. Bd5+ Kh8 {[%cal Rc6d4]} 13. Bxc6 bxc6 14. dxe5 dxe5 15. Qxd8 Rxd8 16. Nd3 Re8 {[#]} 17. f4 $146 {[%cal Rb2e5]} e4 18. Bxf6 $1 gxf6 19. Nc5 Kg7 20. Rfd1 Kf7 21. Rd4 a5 22. Rad1 Be6 23. Kf2 h5 24. Ke3 Bc8 (24... h4 $16 {war angesagt.}) 25. Rd8 $18 Ke7 26. Rxe8+ Kxe8 {[%mdl 4096] Endspiel KTL-KTS} 27. Kd4 Ke7 28. Kc3 Be6 29. e3 Bc8 (29... Rb8 $16 30. Na6 Rb7) 30. a3 Rb8 31. Ra1 $1 Ra8 32. b4 $1 axb4+ 33. Kxb4 Rb8+ 34. Kc3 Kd6 {[#]} 35. Nb3 $1 Be6 36. a4 {[%cal Ba3a4,Ba4a5,Ba5a6,Ba6a7][%mdl 32]} c5 (36... Bc8 $142 37. Rd1+ Ke7) 37. Rd1+ Ke7 {Weiss sollte ...Tb4 verhindern.} 38. Nxc5 Rb6 $2 (38... Ra8 39. Ra1 Bd7) 39. a5 Rb8 40. Nxe6 Kxe6 {KT-KT} 41. a6 Ra8 42. Ra1 Kd6 43. a7 c5 (43... Kc6 $18 44. Ra6+ Kb7 45. Rxf6 Rd8 46. Rxf5 Rd3+ 47. Kb4 Kxa7 48. Rxh5 Rxe3) 44. Ra5 Kc6 45. Kb3 Kb7 46. Ka4 Kb6 47. h3 Kc6 {[#]} 48. Ra6+ $1 Kc7 49. Kb5 Kb7 50. Rb6+ Kc7 51. Rxf6 {Precision: Weiß = 88%, Schwarz = 43%.} (51. Ka6 $142 Kd7 52. Kb7 Rh8 53. Rxf6 h4 54. gxh4 Ke7 55. Rxf5 Rh7 56. a8=Q) 1-0

[Event "33rd ECCC Open 2017"]
[Site "Antalya"]
[Date "2017.10.12"]
[Round "5"]
[White "Abasov, Nijat"]
[Black "Nepomniachtchi, Ian"]
[Result "1/2-1/2"]
[WhiteElo "2587"]
[BlackElo "2733"]
[Annotator "TA"]
[PlyCount "64"]
[EventType "team-tourn"]
[EventCountry "TUR"]
[SourceTitle "playchess.com"]
[Source "ChessBase"]
[SourceQuality "1"]
[WhiteTeam "Odlar Yurdu"]
[BlackTeam "Globus"]

{[%evp 23,64,5,2,22,12,6,12,11,11,0,16,0,0,0,8,0,2,0,0,0,0,0,0,0,0,0,0,0,0,0,0,0,0,0,0,-7,0,0,0,-4,0,0,0]} 1. e4 {[%cal Be2e4,Be4e5][%mdl 32]} c5 2. c3 Nf6 3. e5 Nd5 4. Nf3 Nc6 5. Bc4 Nb6 6. Bb3 d5 7. exd6 Qxd6 8. Na3 {B22: Sicilian: 2 c3} (8. O-O Bf5 9. d4 cxd4 10. Nxd4 Nxd4 11. cxd4 e6 12. Nc3 Be7 13. Qf3 Qd7 14. a4 O-O 15. a5 Nc8 16. Ba4 Qc7 17. a6 Rb8 18. Bf4 Nd6 19. Nb5 Qb6 20. Nxd6 Bxd6 21. Bxd6 Qxd6 22. axb7 {½-½ (32) Piorun,K (2631)-Robson,R (2656) Khanty-Mansiysk 2017}) 8... Be6 9. d4 Bxb3 10. Qxb3 cxd4 11. Nb5 Qd7 12. Nbxd4 Nxd4 {LiveBook: 25 Games. The position is equal.} 13. Nxd4 e6 14. Bf4 {Strongly threatening 0-0-0.} Bd6 15. Bxd6 Qxd6 16. Qb5+ Qd7 17. O-O-O $146 {Nxe6 is the strong threat.} ({Predecessor:} 17. Qxd7+ Kxd7 18. O-O-O Ke7 19. b3 Rhd8 20. c4 Rac8 21. Kb2 a6 {½-½ (21) Hegde,R (2345)-Geller,E (2515) Coimbatore 1987}) 17... Qxb5 18. Nxb5 {[#] Threatens to win with Nc7+.} Ke7 19. Rhe1 Rhd8 20. Rxd8 Rxd8 21. Nxa7 $11 {[%mdl 4096] Endgame KRN-KRN} Ra8 22. Nb5 Rxa2 23. Kc2 Ra5 24. Nd4 g6 25. Nf3 Nc4 26. Re4 Nd6 27. Re5 Ra1 28. Re1 Ra5 29. Re5 Ra1 30. Re1 Ra4 31. Kd3 f6 32. Nd2 e5 {Precision: White = 85%, Black = 57%.} 1/2-1/2

[Event "33rd ECCC Open 2017"]
[Site "Antalya"]
[Date "2017.10.13"]
[Round "5"]
[White "Wagner, Dennis"]
[Black "Yazici, Ugur Doga"]
[Result "1-0"]
[WhiteElo "2564"]
[BlackElo "2213"]
[Annotator "TA"]
[PlyCount "55"]
[EventType "team-tourn"]
[EventCountry "TUR"]
[SourceTitle "playchess.com"]
[Source "ChessBase"]
[SourceQuality "1"]
[WhiteTeam "Nice Alekhine"]
[BlackTeam "Genc"]

{[%evp 17,55,38,54,52,45,49,52,41,55,56,79,73,79,55,76,77,180,176,194,173,170,184,152,162,149,150,258,197,300,281,309,300,325,306,350,343,643,654,1153,1095]} 1. e4 e5 2. Nf3 Nc6 3. Bc4 Nf6 4. d3 Be7 5. O-O O-O 6. Re1 d6 7. a4 Be6 8. Bxe6 {C55: Two Knights: 4 d3, 4 d4 exd4 5 e5 and Max Lange Attack} (8. Nbd2 a5 9. c3 Qc8 10. Qb3 Kh8 11. Nf1 Bxc4 12. Qxc4 Qe6 13. Ne3 Qxc4 14. Nxc4 Nd7 15. d4 exd4 16. Nxd4 {½-½ (44) Harika,D (2531)-Short,N (2688) Malmo 2017}) 8... fxe6 9. c3 Qd7 {LiveBook: 4 Games} 10. b4 {White is slightly better.} a6 11. Nbd2 h6 $146 ({Predecessor:} 11... d5 12. Bb2 b5 13. exd5 Nxd5 14. axb5 axb5 15. Rxa8 Rxa8 {½-½ (24) Thierry,R (2308)-Keskowski,T (2336) ICCF email 2014}) 12. h3 Rf7 13. Nc4 Nh5 14. Be3 Nf4 15. Bxf4 exf4 16. d4 {[%cal Bd3d4,Bd4d5][%mdl 32]} Na7 (16... Nd8 $16) 17. d5 $18 e5 18. Nfxe5 dxe5 19. Nxe5 Qe8 20. Nxf7 Qxf7 21. Qd4 b6 (21... Nc8 $16 22. e5 f3) 22. e5 {[%cal Be4e5,Be5e6,Be6e7][%mdl 32]} Rd8 (22... f3 $142 23. g4 Rf8) 23. Rad1 Nc8 {[#]} 24. Qc4 $1 Bh4 25. Qxa6 f3 26. Qc4 g5 $2 (26... Qg6 27. Qg4 Qxg4 28. hxg4 Ne7) 27. e6 Qf6 {Now ...fxg2 and Black clings on.} 28. e7 {Precision: White = 84%, Black =  9%.} 1-0

[Event "33rd ECCC Open 2017"]
[Site "Antalya"]
[Date "2017.10.13"]
[Round "5"]
[White "Brunello, Sabino"]
[Black "Andreikin, Dmitry"]
[Result "0-1"]
[WhiteElo "2555"]
[BlackElo "2705"]
[Annotator "TA"]
[PlyCount "62"]
[EventType "team-tourn"]
[EventCountry "TUR"]
[SourceTitle "playchess.com"]
[Source "ChessBase"]
[SourceQuality "1"]
[WhiteTeam "Padova"]
[BlackTeam "Alkaloid"]

{[%evp 9,62,8,22,0,-8,-4,-3,-20,-17,-24,-12,-12,-7,-13,-15,-12,-9,-21,-37,-39,-31,-54,-57,-70,-75,-102,-102,-100,-91,-125,-133,-288,-277,-287,-273,-306,-317,-319,-312,-366,-364,-338,-335,-420,-423,-577,-535,-584,-583,-583,-575,-632,-615,-616,-650]} 1. d4 Nf6 2. c4 e6 3. Nf3 a6 4. Nc3 d5 5. e3 b6 {[%cal Bb7b6,Bb6b5][%mdl 32]} 6. Qa4+ $146 {D37: Queen's Gambit Declined: 5 Bf4} ({Predecessor:} 6. cxd5 exd5 7. Bd3 Bb7 8. O-O Bd6 9. Qc2 O-O 10. b3 Nbd7 11. a4 Qe7 12. Bb2 Ne4 13. Ne2 f5 14. Rac1 c6 15. Rfe1 a5 16. Nd2 Bxh2+ 17. Kxh2 Qh4+ 18. Kg1 Qxf2+ 19. Kh2 Rf6 20. Nf4 Rh6+ 21. Nh3 Rxh3+ {0-1 (21) Atabayev,M (2492)-Riazantsev,A (2671) Doha 2016}) 6... c6 7. cxd5 $1 b5 8. Qd1 {The position is equal.} cxd5 9. Bd3 Nbd7 10. O-O Bb7 11. Ne5 Bd6 $36 {[%mdl 2048] Black has good play.} 12. f4 O-O 13. Bd2 Nb6 14. Be1 Ne4 15. Qg4 Qe8 16. Qh3 f6 17. Ng4 b4 18. Nd1 Bc6 19. Rf3 Bb5 20. Bxe4 $2 (20. Ndf2 $17) 20... dxe4 $19 21. Rg3 Nd5 22. Ndf2 {[#]} f5 $1 23. Ne5 Rc8 {[%cal Ba8c8,Bc8c2,Bc2e2][%mdl 32]} 24. Rg5 Rc2 25. g4 Re2 {aiming for ...Be7.} (25... Rxb2 $2 26. gxf5 exf5 27. Rxf5 $19) 26. gxf5 exf5 27. Rxf5 {Black is clearly winning.} Rxf5 28. Qxf5 Nxe3 29. Qxe4 Bxe5 30. dxe5 Nc2 31. Qd5+ Kh8 {Precision: White = 34%, Black = 94%.} 0-1

[Event "33rd ECCC Open 2017"]
[Site "Antalya"]
[Date "2017.10.12"]
[Round "5"]
[White "Sanal, Vahap"]
[Black "Sadikhov, Ulvi"]
[Result "1-0"]
[WhiteElo "2549"]
[BlackElo "2487"]
[Annotator "TA"]
[PlyCount "109"]
[EventType "team-tourn"]
[EventCountry "TUR"]
[SourceTitle "playchess.com"]
[Source "ChessBase"]
[SourceQuality "1"]
[WhiteTeam "Besiktas"]
[BlackTeam "Karaman"]

{[%evp 15,109,11,25,14,25,-30,-28,-43,-39,-41,-38,-60,-72,-55,-63,-102,-91,-157,-157,-162,-138,-141,-137,-137,-142,-142,-139,-133,-133,-140,-132,-141,-144,-139,-135,-173,-169,-171,-98,-91,0,-180,0,-113,-112,-110,-66,-121,0,-62,-63,-164,-105,-146,-113,-108,-111,-132,-104,-175,-156,-330,-292,-312,-309,-331,-281,-251,-148,-145,-190,-123,85,91,95,88,87,81,108,108,108,100,119,119,250,274,273,268,257,259,456,448,542,538,531,516]} 1. c4 Nf6 2. g3 g6 3. Bg2 Bg7 4. Nc3 d6 5. Nf3 O-O 6. O-O c6 7. d4 Bf5 8. Nh4 Be6 9. Qd3 {E62: King's Indian: Fianchetto: 6...c6 and Panno Variation (6...Nc6) without ...a6} (9. d5 cxd5 10. cxd5 Bd7 11. Be3 Qa5 12. a3 Rc8 13. Bd4 Qd8 14. h3 Na6 15. e4 Rc4 16. e5 Ne8 17. Nf3 Nc5 18. Re1 Rxd4 19. Nxd4 dxe5 {½-½ (32) Zubov,A (2612)-Nevednichy,V (2524) Konya 2017}) 9... d5 10. c5 (10. cxd5 $142 Nxd5 11. Nf3) 10... b6 $11 11. Na4 $146 {Black has an edge.} ({Predecessor:} 11. cxb6 axb6 12. Rd1 Qc8 13. b4 b5 14. a4 bxa4 15. Nxa4 Nbd7 16. Bf4 Ne4 17. Bxe4 dxe4 {0-1 (42) Tran,M (2258)-Nguyen,V (2434) Ho Chi Minh City 2016}) 11... Nbd7 12. cxb6 axb6 {[%cal Ba7b6,Bb6b5,Bb5b4][%mdl 32]} 13. b3 c5 14. Bb2 c4 15. Qd1 b5 $1 {[%cal Rb5a4]} 16. Nc3 (16. Nc5 $142) 16... b4 $17 17. Na4 Rxa4 18. bxa4 Qa5 19. Bc1 Ne4 20. Bd2 Nxd2 ({Don't do} 20... Bxd4 21. Bxb4 $1 {[%mdl 512]} Bxf2+ 22. Rxf2 $15) 21. Qxd2 Qxa4 22. e3 Rb8 {[%mdl 1024] Black has strong compensation.} 23. f4 Nf6 $1 24. Qf2 Bd7 25. Rfc1 Qa3 26. h3 Qd3 (26... c3 $19 27. g4 Ne4 28. Bxe4 dxe4) 27. Bf1 Qa3 (27... Qe4 $17) 28. Bg2 $19 Qd3 $2 (28... c3 $19 29. g4 Ne4 30. Bxe4 dxe4) 29. Qe1 (29. Bf1 $1 $11 {was the only way to keep the balance.} Qa3 30. Bg2) 29... Ne4 $17 30. Nf3 Ra8 31. Kh2 (31. a3 $15) 31... Ra3 (31... Qa3 $17 32. Ne5 Bxe5 33. fxe5 c3) 32. Qxb4 ({Better is} 32. Rcb1 $1 $11) 32... Qxe3 $15 {...Qf2 is the strong threat.} 33. Rf1 (33. Qxe7 $15 Qf2 34. Rab1 (34. Qxa3 $2 {loses.} Qxg3+ 35. Kh1 Nf2+ 36. Kg1 Bxh3 $19) 34... Qxg3+ 35. Kh1) 33... Bf8 $36 {[%mdl 2048] White is under strong pressure.} ({Black should play} 33... Bf6 $19 34. Qb2 Ba4) 34. Rae1 Qc3 35. Qb7 Be6 36. Re2 Qa5 37. Qb2 (37. Rfe1 $17) 37... c3 38. Qc2 $2 (38. Qb7 $17) 38... Bd7 39. Ra1 Ba4 40. Qb1 Bb5 41. Re3 c2 (41... e6 $19 {Hoping for ...c2!} 42. Ne1 Nd2) 42. Qc1 $17 Rxe3 43. Qxe3 {[#]} Qc3 $2 (43... e5 $1 $17 {[%mdl 512] Strongly threatening ...exf4.} 44. dxe5 Bc5) 44. Qxc3 $16 Nxc3 45. Ne1 $1 Ba4 {[#]} 46. Nxc2 $1 {[%mdl 512]} e6 (46... Bxc2 47. Rc1) 47. Ne1 Ba3 48. Nd3 Bc2 {[#]} 49. Bf1 $1 Nd1 (49... h6 $16 {was called for.}) 50. Ne1 $18 Ba4 {[#]} 51. Bb5 $1 {[%mdl 512]} Nc3 (51... Bxb5 52. Rxd1) 52. Bxa4 Nxa4 $2 (52... Bb2) 53. Rb1 {White is clearly winning.} Bb2 54. Nd3 Bc3 55. Kg2 {Precision: White = 41%, Black = 57%.} 1-0